Most Listened Rock Songs On Youtube - Statistics

General Stats
  • This quiz has been taken 114 times
    111 since last reset
  • The average score is 23 of 50
Answer Stats
Hint Answer % Correct
Queen - 1.8 Billion Bohemian Rhapsody
93%
NIrvana - 1.9 Billion Smells LIke Teen Spirit
89%
Linkin Park - 1.8 Billion In The End
81%
Linkin Park - 2.3B Numb
77%
Guns N'Roses - 1.7 Billion Sweet Child O' Mine
77%
The Cranberries - 1.6 Billion Zombie
77%
Guns N'Roses - 2.2B November Rain
76%
Radiohead - 1.1 Billion Creep
71%
Bon Jovi - 1.2 Billion Livin' On A Prayer
66%
Europe - 1.2 Billion The Final Countdown
66%
AC/DC - 1.4 Billion Thunderstruck
65%
AC/DC - 1.1 Billion Back In Black
64%
Metallica - 684 Million Enter Sandman
64%
Survivor - 1.1Billion Eye Of The Tiger
61%
R.E.M - 1.2 Billion Losing My Religion
61%
The Police - 1.3 Billion Every Breath You Take
59%
Red Hot Chili Peppers - 1.1 Billion Californication
58%
Evanescence - 1.4 Billion Bring Me To LIfe
57%
Metallica - 1.4 Billion Nothing Else Matters
57%
Bee Gees - 804 Million Stayin' Alive
55%
System Of A Down - 1.4 Billion Chop Suey!
53%
Coldplay - 1.1 Billion Yellow
53%
Arctic Monkeys - 1.6 Billion Do I Wanna Know?
52%
Bryan Adams - 695 Million (Everything I Do )I Do It For You
51%
Guns N'Roses - 840 Million Paradise City
51%
Bon Jovi - 1.4 Billion It's My Life
48%
Green Day - 834 Million Boulevard Of Broken Dreams
47%
The White Stripes - 690 Million Seven Nation Army
46%
Gorillaz - 894 Million Feel Good Inc.
45%
4 Non Blondes - 1.8 Billion What's Up
42%
Queen - 908 Million Don't Stop Me Now
35%
Kiss - 791 Million I Was Made For Loving You
35%
Scorpions - 1.1 Billion WInd Of Change
35%
No Doubt - 1.1 Billion Don't Speak
31%
System Of A Down - 965 Million Toxicity
30%
Keane - 713 Million Somewhere Only We Know
28%
Guns N'Roses - 801 Million Don't Cry
27%
Disturbed - 1 Billion The Sound Of Silence
25%
Audioslave - 1.2 Billion Like A Stone
22%
Aerosmith - 686 Million Crazy
20%
Red Hot Chili Peppers - 801 Million Otherside
20%
The Neighbourhood - 833 Million Sweater Weather
20%
Hoobastank - 1.1 Billion The Reason
19%
Bon Jovi - 1 Billion Always
16%
3 Doors Down - 911 Million Here Without You
14%
Evanescense - 1 Billion My Immortal
12%
Guns N'Roses - 810 Million Patience
12%
Kaleo - 699 Million Way Down We Go
12%
The Outfield - 792 Million Your Love
12%
Bryan Adams - 888 Million Please Forgive Me
5%
No matching quizzes found
Score Distribution
Percent of People with Each Score
Percentile by Number Answered
Your Score History
You have not taken this quiz since the last reset